PLANT analysis : an interpretation manual

Bibliographic Details
Other Authors: Coleman 1949-, Reuter, D. J. , (Douglas J.), Robinson (J. Ben)
Format: Book
Published: Melbourne : Inkata Press , 1986
Subjects:

MARC

LEADER 00000cam a2200000 7i4500
001 0000002251
005 20030417.0
020 0 0 |a 0909605416 
090 0 0 |a 582.013   |b PLA 1986 
245 0 0 |a PLANT analysis :   |b an interpretation manual   |c editors, D.J. Reuter and J.B. Robinson; assistant editor, Leona Coleman ; editorial committee, D.J. Reuter ... [et al.] 
260 0 0 |a Melbourne :   |b Inkata Press ,   |c 1986 
300 |a vi, 218 p. :   |b ill. ;   |c 29 cm. 
500 0 0 |a Includes bibliographies 
650 0 0 |a Crops   |x Analysis 
650 0 0 |a Crops   |x Composition   |x Tables 
650 0 0 |a Crops   |x Nutrition 
650 0 0 |a Deficiency diseases in plants   |x Diagnosis 
650 0 0 |a Plants, Effect of poisons on 
650 0 0 |a Plants   |x Analysis 
650 0 0 |a Plants   |x Composition   |x Tables 
650 0 0 |a Plants   |x Nutrition 
700 0 1 |a Coleman   |h Leona ,   |c 1949- 
700 0 1 |a Reuter, D. J. ,   |d (Douglas J.) 
700 0 1 |a Robinson   |h J. B. ,   |d (J. Ben) 
998 |a JPSM 
999 |a 0000004028   |b Monograph   |c Open Shelf   |e Default branch